TH-MS-Therapeutic role of Aspirin in AICI3-induced mouse model of Alzheimer’s disease (Record no. 480866)

000 -LEADER
fixed length control field 00546nam a22001697a 4500
003 - CONTROL NUMBER IDENTIFIER
control field ASAB
005 - DATE AND TIME OF LATEST TRANSACTION
control field 20180827062840.0
008 - FIXED-LENGTH DATA ELEMENTS--GENERAL INFORMATION
fixed length control field 180511t xxu||||| |||| 00| 0 eng d
040 ## - CATALOGING SOURCE
Transcribing agency ASAB
082 ## - DEWEY DECIMAL CLASSIFICATION NUMBER
Classification number Thesis 2013 SA
100 ## - MAIN ENTRY--PERSONAL NAME
Personal name Sikandar Azam-sup-Dr. Sobia Manzoor
9 (RLIN) 3932
245 ## - TITLE STATEMENT
Title TH-MS-Therapeutic role of Aspirin in AICI3-induced mouse model of Alzheimer’s disease
Statement of responsibility, etc. Sikandar Azam-sup-Dr. Sobia Manzoor
260 ## - PUBLICATION, DISTRIBUTION, ETC.
Place of publication, distribution, etc. Islamabad.
Name of publisher, distributor, etc. ASAB NUST
Date of publication, distribution, etc. 2013
300 ## - PHYSICAL DESCRIPTION
Extent xv, 94 P
630 ## - SUBJECT ADDED ENTRY--UNIFORM TITLE
Uniform title Virology and Immunology
9 (RLIN) 3933
942 ## - ADDED ENTRY ELEMENTS (KOHA)
Source of classification or shelving scheme
Koha item type
Holdings
Withdrawn status Lost status Source of classification or shelving scheme Damaged status Not for loan Permanent Location Current Location Date acquired Total Checkouts Full call number Barcode Date last seen Price effective from Koha item type
          Atta-ur-Rahman School of Applied Biosciences (ASAB) Atta-ur-Rahman School of Applied Biosciences (ASAB) 05/11/2018   Thesis 2013 SA ASABMS-24-13 05/11/2018 05/11/2018  
© 2023 Central Library, National University of Sciences and Technology. All Rights Reserved.